| 000 | 00991cam a2200301 i 4500 | ||
|---|---|---|---|
| 001 | 40614 | ||
| 003 | Mx-PuUPA | ||
| 005 | 20220912092910.0 | ||
| 008 | 140415s2016 mx gr 000 f spa d | ||
| 020 | _a9786078123506 | ||
| 040 |
_aMx-PuUPA _bspa _cMx-PuUPA _dMx-PuUPA _erda |
||
| 041 | 0 | _aspa | |
| 100 | 1 |
_aBlancas Blancas, Noé, _eautor _d1972- _91897 |
|
| 245 | 1 | 4 |
_aLos días que faltan / _cNoé blancas |
| 250 | _aPrimera edición | ||
| 264 | 1 |
_aPuebla, México : _bInstituto Municipal de Arte y Cultura de Puebla, _c2017 |
|
| 300 |
_a70 páginas ; _c21 cm |
||
| 336 |
_2rdacontent _atexto _btxt |
||
| 337 |
_2rdamedia _asin medio _bn |
||
| 338 |
_2rdacarrier _avolumen _bnc |
||
| 490 | 0 | _aColección parián | |
| 650 | 7 |
_2armarc _aAutores mexicanos |
|
| 655 | 7 |
_2armarc _aNovela mexicana _ySiglo XXI |
|
| 942 |
_2ddc _h863.7 _iB627 _cLI |
||
| 999 |
_c40614 _d40614 |
||